[Event "BCF-chT2 0708 (4NCL)"]
[Site "Sunningdale"]
[Date "2008.03.01"]
[Round "7.2"]
[White "Cooksey, Paul S"]
[Black "Teplitsky, Yan"]
[Result "1/2-1/2"]
[WhiteElo "2258"]
[BlackElo "2452"]
[PlyCount "101"]
[GameId "1305887012884480"]
[EventDate "2007.09.15"]
[EventType "team-tourn"]
[EventRounds "11"]
[EventCountry "ENG"]
[SourceTitle "EXT 2023"]
[Source "ChessBase"]
[SourceDate "2022.10.05"]
[SourceVersion "1"]
[SourceVersionDate "2022.10.05"]
[SourceQuality "1"]
[WhiteTeam "Guildford III"]
[BlackTeam "White Rose"]
[WhiteTeamCountry "ENG"]
[BlackTeamCountry "ENG"]

1. d4 Nf6 2. Bg5 c5 3. Bxf6 gxf6 4. d5 Qb6 5. Qc1 f5 6. c4 Bg7 7. Nc3 d6 8. e3 Nd7 9. Nh3 Nf6 10. Nf4 Ne4 11. Bd3 Qxb2 12. Qxb2 Bxc3+ 13. Qxc3 Nxc3 14. f3 Bd7 15. Kd2 Na4 16. Nh5 Rg8 17. Rhg1 O-O-O 18. Rae1 Rg5 19. Ng3 e6 20. e4 f4 21. Ne2 e5 22. g3 fxg3 23. hxg3 Nb2 24. f4 Rg7 25. fxe5 dxe5 26. Nc1 Rdg8 27. Ref1 Rxg3 28. Rxg3 Rxg3 29. Rxf7 h5 30. d6 b6 31. Rh7 Rh3 32. Be2 Bg4 33. Bd3 Rh2+ 34. Kc3 Bd1 35. Bb1 Na4+ 36. Kd3 Rb2 37. Ke3 Rxb1 38. Nd3 Bg4 39. Nxe5 Re1+ 40. Kf4 Rd1 41. Rc7+ Kd8 42. Rxa7 Nc3 43. Rh7 Rxd6 44. Nf7+ Kc7 45. Nxd6+ Kxd6 46. e5+ Kc6 47. Rh6+ Kc7 48. Rh7+ Kc8 49. Rh6 Kc7 50. Rh7+ Kc8 51. Rh6 1/2-1/2

[Event "BCF-chT2 0708 (4NCL)"]
[Site "Sunningdale"]
[Date "2008.03.02"]
[Round "8.2"]
[White "Teplitsky, Yan"]
[Black "Cooper, John Grantley"]
[Result "1/2-1/2"]
[WhiteElo "2452"]
[BlackElo "2360"]
[PlyCount "67"]
[GameId "1305887013113856"]
[EventDate "2007.09.15"]
[EventType "team-tourn"]
[EventRounds "11"]
[EventCountry "ENG"]
[SourceTitle "EXT 2023"]
[Source "ChessBase"]
[SourceDate "2022.10.05"]
[SourceVersion "1"]
[SourceVersionDate "2022.10.05"]
[SourceQuality "1"]
[WhiteTeam "White Rose"]
[BlackTeam "SW Dragons"]
[WhiteTeamCountry "ENG"]
[BlackTeamCountry "ENG"]

1. Nf3 d5 2. c4 e6 3. g3 Nf6 4. Bg2 c5 5. cxd5 exd5 6. d4 Be7 7. O-O O-O 8. Nc3 Nc6 9. dxc5 Bxc5 10. Na4 Be7 11. Nd4 Bg4 12. Be3 Qd7 13. Nxc6 bxc6 14. Rc1 Rfe8 15. Qc2 Rac8 16. Rfd1 Bd6 17. Nc5 Qe7 18. Rd2 h6 19. b4 Nd7 20. h3 Bh5 21. Qf5 Bxc5 22. Bxc5 Nxc5 23. Rxc5 Bxe2 24. Bxd5 Ba6 25. Rxc6 Rxc6 26. Bxc6 Qe1+ 27. Kh2 Qxd2 28. Bxe8 Bc4 29. a3 Bd5 30. Ba4 g6 31. Qc8+ Kh7 32. Qc5 Qd3 33. Bc6 Bxc6 34. Qxc6 1/2-1/2

[Event "Battle At The Border"]
[Site "Lloydminster CAN"]
[Date "2010.09.04"]
[Round "1.4"]
[White "Bentley, Bill"]
[Black "Teplitsky, Yan"]
[Result "0-1"]
[WhiteElo "1891"]
[BlackElo "2466"]
[PlyCount "76"]
[GameId "2160767909888990"]
[EventDate "2010.09.04"]
[EventType "swiss"]
[EventRounds "5"]
[EventCountry "CAN"]

1. d4 Nf6 2. Nf3 e6 3. e3 b6 4. Bd3 Bb7 5. O-O c5 6. c4 Be7 7. Nc3 O-O 8. d5 exd5 9. cxd5 d6 10. e4 Nbd7 11. Bf4 a6 12. a4 Qc7 13. Nd2 Ne5 14. Bxe5 dxe5 15. Nc4 Rfd8 16. Qd2 Rab8 17. f4 exf4 18. Qxf4 Qxf4 19. Rxf4 Bc8 20. Rd1 b5 21. axb5 axb5 22. Na5 c4 23. Nc6 Bc5+ 24. Kh1 cxd3 25. Nxd8 b4 26. Nc6 bxc3 27. bxc3 Rb3 28. c4 Bg4 29. Ra1 h5 30. h3 Be2 31. e5 Be3 32. Rxf6 gxf6 33. d6 d2 34. d7 Rd3 35. Ne7+ Kf8 36. Nd5 d1=Q+ 37. Rxd1 Rxd1+ 38. Kh2 Rxd5 0-1

[Event "Lloydminster BATB op"]
[Site "Lloydminster CAN"]
[Date "2010.09.04"]
[Round "2.4"]
[White "Teplitsky, Yan"]
[Black "Willis, Bradley"]
[Result "1-0"]
[WhiteElo "2466"]
[BlackElo "2130"]
[PlyCount "69"]
[GameId "2160767909889074"]
[EventDate "2010.09.04"]
[EventType "swiss"]
[EventRounds "6"]
[EventCountry "CAN"]
[SourceTitle "EXT 2022"]
[Source "ChessBase"]
[SourceDate "2021.10.06"]
[SourceVersion "1"]
[SourceVersionDate "2021.10.06"]
[SourceQuality "1"]

1. Nf3 e6 2. c4 f5 3. g3 Nf6 4. Bg2 d6 5. d4 Be7 6. O-O O-O 7. b3 Qe8 8. Bb2 Qh5 9. Nc3 Nbd7 10. Re1 Ne4 11. Nd2 Nxc3 12. Bxc3 Rf6 13. e4 Qxd1 14. Raxd1 f4 15. Nf3 a5 16. a4 Rf8 17. Bd2 fxg3 18. hxg3 e5 19. Bc3 exd4 20. Nxd4 Bf6 21. Nb5 Bxc3 22. Nxc3 Nc5 23. e5 Bg4 24. Rd4 Bf3 25. exd6 cxd6 26. Rxd6 Bxg2 27. Kxg2 Rad8 28. Rd5 Rxd5 29. cxd5 Nxb3 30. Ne4 b5 31. axb5 a4 32. Nc3 Nc5 33. Rb1 Nd3 34. b6 Rxf2+ 35. Kg1 1-0

[Event "Lloydminster BATB op"]
[Site "Lloydminster CAN"]
[Date "2010.09.05"]
[Round "4.4"]
[White "Teplitsky, Yan"]
[Black "Perron, Sean"]
[Result "1-0"]
[WhiteElo "2466"]
[BlackElo "2090"]
[PlyCount "99"]
[GameId "2160767909889097"]
[EventDate "2010.09.04"]
[EventType "swiss"]
[EventRounds "6"]
[EventCountry "CAN"]
[SourceTitle "EXT 2022"]
[Source "ChessBase"]
[SourceDate "2021.10.06"]
[SourceVersion "1"]
[SourceVersionDate "2021.10.06"]
[SourceQuality "1"]

1. Nf3 d5 2. c4 e6 3. g3 Nf6 4. Bg2 Be7 5. O-O O-O 6. d4 c6 7. Qc2 Nbd7 8. Nbd2 b6 9. e4 dxe4 10. Nxe4 Nxe4 11. Qxe4 Bb7 12. Rd1 Nf6 13. Qc2 Qc7 14. c5 Rfd8 15. Bd2 Ba6 16. Ne5 Nd5 17. Rac1 bxc5 18. dxc5 Qb7 19. a3 Rac8 20. b4 Bf6 21. Re1 Re8 22. Rb1 Qc7 23. Nc4 Bxc4 24. Qxc4 Red8 25. a4 a6 26. Be4 h6 27. Re2 Be7 28. Bc2 Ra8 29. Rb3 Bf8 30. h4 Qa7 31. Qe4 Nf6 32. Qxc6 Rac8 33. Qf3 a5 34. bxa5 Bxc5 35. Bxh6 Qxa5 36. Rb5 Qa7 37. Bg5 Be7 38. h5 Qd4 39. Kg2 Rc3 40. Qb7 Bc5 41. Rd2 Rxg3+ 42. fxg3 Qg1+ 43. Kh3 Rxd2 44. Qa8+ Bf8 45. Bxd2 Qd4 46. Bb4 Qg4+ 47. Kh2 Qe2+ 48. Qg2 Ng4+ 49. Kh1 Nf2+ 50. Kg1 1-0

[Event "Guelph Pro-Am int."]
[Site "Guelph CAN"]
[Date "2003.08.09"]
[Round "8"]
[White "Teplitsky, Yan"]
[Black "Barsov, Alexei"]
[Result "0-1"]
[WhiteElo "2506"]
[BlackElo "2534"]
[PlyCount "146"]
[GameId "2160767911276858"]
[EventDate "2003.08.04"]
[EventType "swiss"]
[EventRounds "9"]
[EventCountry "CAN"]
[SourceTitle "CFC 2003.10"]
[Source "CFC"]
[SourceDate "2003.10.??"]
[SourceVersionDate "2003.10.??"]
[SourceQuality "1"]

1. c4 e6 2. Nf3 d5 3. d4 Nf6 4. Nc3 Be7 5. Bg5 h6 6. Bh4 O-O 7. e3 b6 8. Qb3 Bb7 9. Bxf6 Bxf6 10. cxd5 exd5 11. Rd1 Re8 12. a3 Re7 13. Bd3 c5 14. Bb1 Na6 15. O-O g6 16. Rfe1 Rc8 17. Rd2 Kg7 18. Qd1 Qe8 19. Ne2 Nc7 20. Nf4 Ne6 21. Nxe6+ Rxe6 22. dxc5 bxc5 23. Ba2 Rb6 24. Bxd5 Bxd5 25. Rxd5 Bxb2 26. Qc2 c4 27. h4 Kg8 28. h5 Bg7 29. hxg6 fxg6 30. Rc1 Rb2 31. Qd1 c3 32. Rd7 Qf8 33. Qd5+ Kh8 34. Rf7 Qd8 35. Qe4 Rb6 36. Ne5 Qd6 37. Re7 Kh7 38. Nf7 Qf6 39. Rxa7 Rf8 40. Qd5 c2 41. Rc7 Rb1 42. R7xc2 Rxc1+ 43. Rxc1 Rxf7 44. Rc2 Qa1+ 45. Kh2 Rf5 46. Qe6 Rh5+ 47. Kg3 Rg5+ 48. Kh2 Qf1 49. Qe4 Re5 50. Qc6 Rh5+ 51. Kg3 Rg5+ 52. Kh2 Be5+ 53. f4 Rh5+ 54. Kg3 Bg7 55. Qd6 Qe1+ 56. Kf3 Rh1 57. Rf2 Qa5 58. Kg3 Qh5 59. Qe6 Re1 60. Rf3 Re2 61. Qh3 Qa5 62. Kh2 Qxa3 63. e4 Qc1 64. e5 Re1 65. Qd7 Rh1+ 66. Kg3 Qe1+ 67. Rf2 Rf1 68. Qd2 Qxf2+ 69. Qxf2 Rxf2 70. Kxf2 h5 71. g4 h4 72. Kg2 Kg8 73. Kh3 Bxe5 0-1

[Event "Paul Keres mem (28th)"]
[Site "Vancouver CAN"]
[Date "2003.05.16"]
[Round "1"]
[White "Bouvier, Jesse"]
[Black "Teplitsky, Yan"]
[Result "0-1"]
[WhiteElo "2081"]
[BlackElo "2523"]
[PlyCount "56"]
[GameId "2160767911302616"]
[EventDate "2003.05.16"]
[EventType "swiss"]
[EventRounds "7"]
[EventCountry "CAN"]
[SourceTitle "The Week in Chess 446"]
[Source "Mark Crowther"]
[SourceDate "2003.05.26"]
[SourceVersion "1"]
[SourceVersionDate "2003.05.26"]
[SourceQuality "2"]

1. e4 c5 2. Nf3 d6 3. d4 cxd4 4. Nxd4 Nf6 5. Nc3 Nc6 6. Bg5 e6 7. Qd2 a6 8. O-O-O h6 9. Be3 Bd7 10. f4 b5 11. Bd3 Be7 12. Kb1 Qb8 13. Nce2 Qb7 14. Nf3 Rd8 15. Qe1 e5 16. h3 O-O 17. g4 d5 18. g5 dxe4 19. gxf6 exd3 20. fxe7 dxc2+ 21. Kxc2 Bf5+ 22. Kc1 Nxe7 23. Nh4 Rxd1+ 24. Qxd1 Rc8+ 25. Nc3 b4 26. Nxf5 Nxf5 27. Bd2 bxc3 28. Bxc3 Ne3 0-1

[Event "Paul Keres mem (28th)"]
[Site "Vancouver CAN"]
[Date "2003.05.17"]
[Round "2"]
[White "Teplitsky, Yan"]
[Black "Fullbrook, Nigel"]
[Result "1-0"]
[WhiteElo "2523"]
[BlackElo "2176"]
[PlyCount "52"]
[GameId "2160767911302660"]
[EventDate "2003.05.16"]
[EventType "swiss"]
[EventRounds "7"]
[EventCountry "CAN"]
[SourceTitle "The Week in Chess 446"]
[Source "Mark Crowther"]
[SourceDate "2003.05.26"]
[SourceVersion "1"]
[SourceVersionDate "2003.05.26"]
[SourceQuality "2"]

1. c4 e5 2. Nc3 f5 3. g3 Nf6 4. Bg2 g6 5. d4 exd4 6. Qxd4 Bg7 7. Qe3+ Qe7 8. Qxe7+ Kxe7 9. Bg5 c6 10. O-O-O d6 11. e4 h6 12. Bxf6+ Bxf6 13. Nge2 Rd8 14. Rhe1 Kf7 15. Nd4 Na6 16. exf5 gxf5 17. Bh3 Bxd4 18. Rxd4 Nc7 19. Rf4 Kg6 20. Re7 Ne8 21. Ne2 Ng7 22. g4 Re8 23. Rxe8 Nxe8 24. gxf5+ Kf6 25. Rh4 Bxf5 26. Rf4 Ng7 1-0

[Event "Paul Keres mem (28th)"]
[Site "Vancouver CAN"]
[Date "2003.05.18"]
[Round "4"]
[White "Teplitsky, Yan"]
[Black "Yoos, John"]
[Result "1/2-1/2"]
[WhiteElo "2474"]
[BlackElo "2361"]
[PlyCount "20"]
[GameId "2160767911302708"]
[EventDate "2003.05.16"]
[EventType "swiss"]
[EventRounds "7"]
[EventCountry "CAN"]
[SourceTitle "CBM 094 Extra"]
[Source "ChessBase"]
[SourceDate "2003.07.09"]
[SourceVersion "2"]
[SourceVersionDate "2003.07.09"]
[SourceQuality "1"]

1. c4 e5 2. Nc3 Nf6 3. Nf3 Nc6 4. g3 d5 5. cxd5 Nxd5 6. Bg2 Nb6 7. O-O Be7 8. d3 O-O 9. a4 a5 10. Be3 Be6 1/2-1/2

[Event "Paul Keres mem (28th)"]
[Site "Vancouver CAN"]
[Date "2003.05.18"]
[Round "5"]
[White "Kostadinov, George"]
[Black "Teplitsky, Yan"]
[Result "1/2-1/2"]
[WhiteElo "2188"]
[BlackElo "2523"]
[PlyCount "120"]
[GameId "2160767911302720"]
[EventDate "2003.05.16"]
[EventType "swiss"]
[EventRounds "7"]
[EventCountry "CAN"]
[SourceTitle "The Week in Chess 446"]
[Source "Mark Crowther"]
[SourceDate "2003.05.26"]
[SourceVersion "1"]
[SourceVersionDate "2003.05.26"]
[SourceQuality "2"]

1. d4 Nf6 2. Bg5 c5 3. Bxf6 gxf6 4. d5 Qb6 5. Qc1 Bh6 6. e3 f5 7. g3 Qf6 8. Ne2 d6 9. Nd2 Nd7 10. f4 Bg7 11. Rb1 b5 12. b4 Bb7 13. Bg2 Rc8 14. Qa3 a6 15. bxc5 Rxc5 16. c4 O-O 17. O-O Rfc8 18. Nd4 Rxc4 19. Nxc4 Rxc4 20. Qa5 Rxd4 21. Qd8+ Nf8 22. exd4 Bxd5 23. Rbd1 Bxg2 24. Kxg2 Qe6 25. Qa8 Qxa2+ 26. Kh3 Qe2 27. Qf3 Qxf3 28. Rxf3 Ne6 29. Ra3 Bxd4 30. Rxa6 b4 31. Rb1 Bc5 32. Ra8+ Kg7 33. Rb8 Nd4 34. Kg2 Ne6 35. h4 Nd4 36. Kf2 Ne6+ 37. Ke2 Nd4+ 38. Kd3 Ne6 39. Kc4 Nf8 40. Rb7 Kf6 41. Re1 Ne6 42. Re2 Kg6 43. Kd5 Kf6 44. Rd2 Ng7 45. Rd3 Nh5 46. Rf3 e6+ 47. Kc6 Kg6 48. Rb5 Nf6 49. Rxc5 dxc5 50. Kxc5 Kh5 51. Kd6 Kg4 52. Rb3 Ne4+ 53. Ke7 Nxg3 54. Kxf7 Kxh4 55. Kxe6 Kg4 56. Ke5 h5 57. Rxb4 h4 58. Rb2 h3 59. Rf2 Nh5 60. Rc2 Nxf4 1/2-1/2

[Event "Paul Keres mem (28th)"]
[Site "Vancouver CAN"]
[Date "2003.05.19"]
[Round "6"]
[White "Teplitsky, Yan"]
[Black "Booker, Brad"]
[Result "1-0"]
[WhiteElo "2523"]
[BlackElo "2116"]
[PlyCount "53"]
[GameId "2160767911302753"]
[EventDate "2003.05.16"]
[EventType "swiss"]
[EventRounds "7"]
[EventCountry "CAN"]
[SourceTitle "The Week in Chess 446"]
[Source "Mark Crowther"]
[SourceDate "2003.05.26"]
[SourceVersion "1"]
[SourceVersionDate "2003.05.26"]
[SourceQuality "2"]

1. Nf3 Nf6 2. c4 g6 3. Nc3 Bg7 4. e4 d6 5. d4 O-O 6. Be2 e5 7. d5 Na6 8. O-O Nh5 9. g3 f5 10. exf5 gxf5 11. Ng5 Nf6 12. f4 Qe7 13. Nf3 Bd7 14. Re1 Nc5 15. Bf1 Nfe4 16. Qc2 Rae8 17. fxe5 dxe5 18. Nxe4 fxe4 19. Ng5 Bf5 20. Bh3 Nd3 21. Bxf5 Rxf5 22. Rxe4 Nxc1 23. Ne6 Bh6 24. Rg4+ Rg5 25. Nxg5 Kh8 26. Qxc1 Rg8 27. Nf7+ 1-0

[Event "Paul Keres mem (28th)"]
[Site "Vancouver CAN"]
[Date "2003.05.19"]
[Round "7"]
[White "Orlov, Georgi"]
[Black "Teplitsky, Yan"]
[Result "1-0"]
[WhiteElo "2583"]
[BlackElo "2523"]
[PlyCount "82"]
[GameId "2160767911302769"]
[EventDate "2003.05.16"]
[EventType "swiss"]
[EventRounds "7"]
[EventCountry "CAN"]
[SourceTitle "The Week in Chess 446"]
[Source "Mark Crowther"]
[SourceDate "2003.05.26"]
[SourceVersion "1"]
[SourceVersionDate "2003.05.26"]
[SourceQuality "2"]

1. Nf3 Nf6 2. c4 e6 3. g3 b6 4. Bg2 Bb7 5. O-O Be7 6. Nc3 O-O 7. Re1 d5 8. cxd5 exd5 9. d4 c5 10. dxc5 bxc5 11. Nh4 Qd7 12. Bg5 Rd8 13. e4 Nxe4 14. Nxe4 dxe4 15. Qxd7 Rxd7 16. Bxe7 Rxe7 17. Nf5 Rd7 18. Rad1 g6 19. Nd6 f5 20. Nxb7 Rxb7 21. f3 a5 22. fxe4 Raa7 23. exf5 Rxb2 24. f6 Kf7 25. Rd6 Rd7 26. Bd5+ Kf8 27. Rxd7 Nxd7 28. Re7 Nxf6 29. Rf7+ Ke8 30. Rxf6 Rd2 31. Bc4 Rd4 32. Rf4 Rd2 33. Rf2 Rd4 34. Rc2 Ke7 35. Kf2 Kd6 36. Be2 a4 37. Rc4 Kd5 38. Rxd4+ Kxd4 39. Ke1 Kc3 40. Kd1 a3 41. Kc1 c4 1-0

[Event "Thanksgiving op"]
[Site "Toronto CAN"]
[Date "2001.10.06"]
[Round "2"]
[White "Bluvshtein, Mark"]
[Black "Teplitsky, Yan"]
[Result "1/2-1/2"]
[WhiteElo "2333"]
[BlackElo "2541"]
[PlyCount "45"]
[GameId "2160767911485156"]
[EventDate "2001.10.06"]
[EventType "swiss"]
[EventRounds "6"]
[EventCountry "CAN"]
[SourceTitle "EXT 2022"]
[Source "ChessBase"]
[SourceDate "2021.10.06"]
[SourceVersion "1"]
[SourceVersionDate "2021.10.06"]
[SourceQuality "1"]

1. d4 Nf6 2. c4 e6 3. Nc3 Bb4 4. Nf3 c5 5. e3 O-O 6. Be2 b6 7. O-O Bb7 8. Qb3 Nc6 9. Nb5 cxd4 10. Nfxd4 Qe7 11. Bf3 Rfd8 12. a3 Bc5 13. Qc2 Bxd4 14. exd4 a6 15. Bxc6 dxc6 16. Nc3 Rxd4 17. c5 b5 18. Be3 Rd7 19. b4 Ng4 20. Ne4 Rd5 21. h3 Nxe3 22. fxe3 Rf8 23. Nd6 1/2-1/2

[Event "Hartman Active RR"]
[Site "Ancaster CAN"]
[Date "2000.10.23"]
[Round "5"]
[White "Nickoloff, Bryon"]
[Black "Teplitsky, Yan"]
[Result "1-0"]
[WhiteElo "2535"]
[BlackElo "2576"]
[PlyCount "45"]
[GameId "2160767911635835"]
[EventDate "2000.10.23"]
[EventType "tourn"]
[EventRounds "6"]
[EventCountry "CAN"]

1. d4 Nf6 2. c4 e6 3. Nc3 Bb4 4. e3 c5 5. Nge2 d5 6. a3 Bxc3+ 7. Nxc3 cxd4 8. exd4 dxc4 9. Bxc4 Nc6 10. Be3 O-O 11. O-O b6 12. Qf3 Bb7 13. Bd3 Qd7 14. Qh3 Ne7 15. Bg5 Ng6 16. Bxf6 gxf6 17. Rad1 Qd6 18. Rfe1 Rfd8 19. d5 exd5 20. Nb5 Qf4 21. g3 Qa4 22. Nd4 Bc8 23. Qh6 1-0

[Event "Thanksgiving op"]
[Site "Toronto CAN"]
[Date "2000.10.07"]
[Round "1"]
[White "Teplitsky, Yan"]
[Black "Chatzilias, Alexis"]
[Result "1-0"]
[WhiteElo "2546"]
[BlackElo "2227"]
[PlyCount "73"]
[GameId "2160767911644092"]
[EventDate "2000.10.07"]
[EventType "swiss"]
[EventRounds "6"]
[EventCountry "CAN"]
[SourceTitle "EXT 2022"]
[Source "ChessBase"]
[SourceDate "2021.10.06"]
[SourceVersion "1"]
[SourceVersionDate "2021.10.06"]
[SourceQuality "1"]

1. Nf3 c5 2. c4 Nf6 3. Nc3 Nc6 4. g3 g6 5. Bg2 Bg7 6. d4 cxd4 7. Nxd4 O-O 8. O-O Ng4 9. e3 d6 10. b3 Nxd4 11. exd4 Nh6 12. Bb2 Nf5 13. Nd5 e6 14. Ne3 Nxe3 15. fxe3 Rb8 16. Qe2 b6 17. Ba3 Bb7 18. Rac1 Bxg2 19. Qxg2 Qc7 20. g4 Rbc8 21. Rc2 Rfd8 22. Rcf2 Rd7 23. g5 Qd8 24. h4 a6 25. Bb4 Bf8 26. d5 e5 27. a4 Rb8 28. Qg4 Qe8 29. e4 Rbb7 30. Rf6 Rb8 31. h5 Rbd8 32. hxg6 hxg6 33. Kg2 Bg7 34. Qh4 Qe7 35. Rh1 Re8 36. Qh7+ Kf8 37. Rhf1 1-0

[Event "Thanksgiving op"]
[Site "Toronto CAN"]
[Date "2000.10.07"]
[Round "2"]
[White "Ferguson, Jim"]
[Black "Teplitsky, Yan"]
[Result "1/2-1/2"]
[WhiteElo "2207"]
[BlackElo "2546"]
[PlyCount "27"]
[GameId "2160767911644094"]
[EventDate "2000.10.07"]
[EventType "swiss"]
[EventRounds "6"]
[EventCountry "CAN"]
[SourceTitle "EXT 2022"]
[Source "ChessBase"]
[SourceDate "2021.10.06"]
[SourceVersion "1"]
[SourceVersionDate "2021.10.06"]
[SourceQuality "1"]

1. e4 c5 2. Nf3 d6 3. d4 Nf6 4. Nc3 cxd4 5. Nxd4 Nc6 6. Bg5 e6 7. Qd2 a6 8. O-O-O h6 9. Bf4 Bd7 10. Nxc6 Bxc6 11. f3 d5 12. exd5 Nxd5 13. Nxd5 Qxd5 14. Qxd5 1/2-1/2

[Event "Thanksgiving op"]
[Site "Toronto CAN"]
[Date "2000.10.08"]
[Round "3"]
[White "Teplitsky, Yan"]
[Black "Miletic, Damir"]
[Result "1-0"]
[WhiteElo "2546"]
[BlackElo "2203"]
[PlyCount "82"]
[GameId "2160767911644100"]
[EventDate "2000.10.07"]
[EventType "swiss"]
[EventRounds "6"]
[EventCountry "CAN"]
[SourceTitle "EXT 2022"]
[Source "ChessBase"]
[SourceDate "2021.10.06"]
[SourceVersion "1"]
[SourceVersionDate "2021.10.06"]
[SourceQuality "1"]

1. Nf3 Nf6 2. c4 c5 3. Nc3 Nc6 4. d4 cxd4 5. Nxd4 g6 6. e4 Bg7 7. Be3 d6 8. Be2 Bd7 9. Qd2 Ng4 10. Bxg4 Bxg4 11. f3 Bd7 12. Nd5 Ne5 13. b3 Bc6 14. O-O O-O 15. Rad1 Re8 16. Rfe1 Qd7 17. h3 Qc8 18. Bf2 Nd7 19. Bh4 Bf8 20. f4 e5 21. Nb5 Bxd5 22. Qxd5 exf4 23. Nxd6 Bxd6 24. Qxd6 Qc5+ 25. Qxc5 Nxc5 26. e5 h6 27. Bf6 Rac8 28. Rd5 g5 29. h4 gxh4 30. Bxh4 Rc7 31. Bf2 Rec8 32. Red1 Kg7 33. Bxc5 Rxc5 34. Rxc5 Rxc5 35. Rd7 Rxe5 36. Rxb7 Ra5 37. a4 Kf6 38. Kf2 Ke5 39. Rb5+ Rxb5 40. axb5 Ke4 41. c5 Kd5 1-0

[Event "Thanksgiving op"]
[Site "Toronto CAN"]
[Date "2000.10.09"]
[Round "5"]
[White "Bluvshtein, Mark"]
[Black "Teplitsky, Yan"]
[Result "1/2-1/2"]
[WhiteElo "2240"]
[BlackElo "2546"]
[PlyCount "21"]
[GameId "2160767911644103"]
[EventDate "2000.10.07"]
[EventType "swiss"]
[EventRounds "6"]
[EventCountry "CAN"]
[SourceTitle "EXT 2022"]
[Source "ChessBase"]
[SourceDate "2021.10.06"]
[SourceVersion "1"]
[SourceVersionDate "2021.10.06"]
[SourceQuality "1"]

1. e4 g6 2. d4 Bg7 3. Nc3 c6 4. Be3 d5 5. Nf3 Nh6 6. e5 Bg4 7. h3 Bxf3 8. Qxf3 Nf5 9. Bd3 Nxe3 10. fxe3 e6 11. h4 1/2-1/2

[Event "Susies Chess Party"]
[Site "Toronto CAN"]
[Date "1998.08.22"]
[Round "3"]
[White "Teplitsky, Yan"]
[Black "Puri, Vinny"]
[Result "1-0"]
[WhiteElo "2620"]
[BlackElo "2324"]
[PlyCount "62"]
[GameId "2160767911806479"]
[EventDate "1998.08.22"]
[EventType "swiss (rapid)"]
[EventRounds "5"]
[EventCountry "CAN"]
[SourceTitle "CFC 1999.02"]
[Source "CFC"]
[SourceDate "1999.02.??"]
[SourceVersionDate "1999.02.??"]
[SourceQuality "1"]

1. Nf3 Nf6 2. c4 g6 3. Nc3 Bg7 4. e4 d6 5. d4 O-O 6. Be2 e5 7. d5 a5 8. h4 Na6 9. Nd2 Nc5 10. g4 Ne8 11. Nf1 c6 12. Be3 cxd5 13. cxd5 Bd7 14. Nd2 Rb8 15. Nc4 b6 16. h5 f5 17. hxg6 hxg6 18. gxf5 gxf5 19. Bh5 f4 20. Bxc5 bxc5 21. Bg6 Qg5 22. Qh5 Qxh5 23. Bxh5 Rf6 24. O-O-O a4 25. Rdg1 Kf8 26. Bg4 Bxg4 27. Rxg4 Rb4 28. Nd2 f3 29. a3 Rd4 30. Nb5 Bh6 31. Nxd4 cxd4 1-0

[Event "Paul Keres mem (23rd)"]
[Site "Vancouver CAN"]
[Date "1998.05.15"]
[Round "1"]
[White "Chapman, Erik"]
[Black "Teplitsky, Yan"]
[Result "0-1"]
[WhiteElo "2016"]
[BlackElo "2534"]
[PlyCount "68"]
[GameId "2160767911873069"]
[EventDate "1998.05.15"]
[EventType "swiss"]
[EventRounds "7"]
[EventCountry "CAN"]

1. f4 d5 2. Nf3 g6 3. e3 Bg7 4. Be2 Nf6 5. O-O O-O 6. Ne5 b6 7. Bf3 Bb7 8. c4 e6 9. Nc3 c5 10. d4 Nc6 11. b3 Rc8 12. Nb5 a6 13. Nxc6 Rxc6 14. Na3 cxd4 15. exd4 Rc7 16. Be3 Qe7 17. Nb1 dxc4 18. Bxb7 cxb3 19. axb3 Rxb7 20. Rxa6 Nd5 21. Bc1 Qd7 22. Qd2 Nc7 23. Ra4 b5 24. Ra5 Qxd4+ 25. Rf2 Qxd2 26. Rxd2 Nd5 27. g3 Rc8 28. Bb2 b4 29. Kf2 Rbc7 30. Bxg7 Kxg7 31. Re2 Rc1 32. Nd2 Nc3 33. Ree5 Rc2 34. Ke1 Rd8 0-1

[Event "Paul Keres mem (23rd)"]
[Site "Vancouver CAN"]
[Date "1998.05.16"]
[Round "2"]
[White "Teplitsky, Yan"]
[Black "Ottosen, David"]
[Result "0-1"]
[WhiteElo "2534"]
[BlackElo "2191"]
[PlyCount "67"]
[GameId "2160767911873106"]
[EventDate "1998.05.15"]
[EventType "swiss"]
[EventRounds "7"]
[EventCountry "CAN"]

1. Nf3 d5 2. c4 c6 3. e3 Nf6 4. Nc3 e6 5. d4 Nbd7 6. Qc2 Bd6 7. Be2 O-O 8. O-O Re8 9. Rd1 Qe7 10. b3 a6 11. Bb2 b5 12. e4 dxe4 13. Nxe4 Nxe4 14. Qxe4 Bb7 15. Bd3 Nf8 16. c5 Bc7 17. Re1 Rad8 18. Rad1 Ng6 19. g3 Rd5 20. Qe2 e5 21. Qc2 Qf6 22. Be4 Rdd8 23. dxe5 Qe7 24. Rxd8 Rxd8 25. e6 Nf8 26. exf7+ Qxf7 27. Ne5 Qh5 28. Bf3 Qh6 29. Ng4 Qg6 30. Re7 Rd7 31. Bxg7 Rxe7 32. Bf6 Re6 33. Qf5 h5 34. Be4 0-1

[Event "Paul Keres mem (23rd)"]
[Site "Vancouver CAN"]
[Date "1998.05.16"]
[Round "3"]
[White "Schemm, Michael"]
[Black "Teplitsky, Yan"]
[Result "0-1"]
[WhiteElo "2051"]
[BlackElo "2534"]
[PlyCount "72"]
[GameId "2160767911873128"]
[EventDate "1998.05.15"]
[EventType "swiss"]
[EventRounds "7"]
[EventCountry "CAN"]

1. b4 c6 2. Bb2 a5 3. a3 Qb6 4. c4 d6 5. Nc3 e5 6. e3 Nf6 7. Nf3 Bg4 8. Be2 Be7 9. O-O Bxf3 10. Bxf3 axb4 11. Qb3 Na6 12. Na4 Qa5 13. axb4 Qxb4 14. Qc2 Qa5 15. d4 exd4 16. Bxd4 Qc7 17. Rfb1 O-O 18. Qf5 Nd7 19. Ra2 Nac5 20. Nxc5 dxc5 21. Rab2 b5 22. cxb5 cxd4 23. bxc6 Ne5 24. Be4 g6 25. Qf4 dxe3 26. fxe3 Bc5 27. Rb5 Qe7 28. c7 Rac8 29. Rd1 Nc4 30. Kh1 Qxc7 31. Qf3 Nd6 32. Rbb1 Nxe4 33. Qxe4 Rfe8 34. Qg4 h5 35. Qa4 Bxe3 36. Rd7 Qc6 0-1

[Event "Paul Keres mem (23rd)"]
[Site "Vancouver CAN"]
[Date "1998.05.17"]
[Round "4"]
[White "Hempson, Peter"]
[Black "Teplitsky, Yan"]
[Result "0-1"]
[WhiteElo "2254"]
[BlackElo "2534"]
[PlyCount "80"]
[GameId "2160767911873138"]
[EventDate "1998.05.15"]
[EventType "swiss"]
[EventRounds "7"]
[EventCountry "CAN"]

1. d4 Nf6 2. c4 g6 3. Nc3 Bg7 4. e4 d6 5. f3 O-O 6. Be3 Nc6 7. Nge2 a6 8. Qd2 Rb8 9. Nc1 e5 10. d5 Nd4 11. Nb3 Nxb3 12. axb3 c5 13. b4 b6 14. b5 a5 15. g3 Nh5 16. Bh6 f5 17. Bxg7 Kxg7 18. Bg2 fxe4 19. Nxe4 Bf5 20. Nf2 Rb7 21. O-O Bc8 22. Ra3 Rbf7 23. Ne4 h6 24. Re3 Kh7 25. Re2 Ng7 26. g4 Rf4 27. b3 Ne8 28. Ref2 h5 29. h3 Qh4 30. Re2 Kg7 31. Qe1 Qd8 32. Qg3 g5 33. gxh5 Kh6 34. h4 Rxh4 35. Nf2 Nf6 36. Ng4+ Nxg4 37. fxg4 Rxf1+ 38. Kxf1 Rxg4 39. Qd3 Rf4+ 40. Ke1 Bf5 0-1